00500nam a2200109Ia 4500008004100000040004400041100003000085245014900115260005200264300003400316500004000350180412s9999||||xx |||||||||||||| ||und|| aAhmadu Bello University Library - Zaria aAjetomobi, Rufus Olukunle 0aAbuja international trade fair complex : an appraisal of physical infrastructures in trade fair centres in Nigeriacby Rufus Olukunle Ajetomobi aZariabDepartment of Architecture, A.B.U.c1992 axii, 114 leaves: ill., table. aIncludes bibliographical references